[Event "CAN-op U1400"]
[Site "Sault Ste Marie CAN"]
[Date "2017.07.12"]
[Round "3"]
[White "Dong, Yiwei"]
[Black "Gaisinsky, Jacob"]
[Result "1-0"]
[WhiteElo "1256"]
[BlackElo "943"]
[WhiteFideId "-1"]
[WhiteFideId "-1"]
[PlyCount "93"]
[GameId "2160767908343960"]
[EventDate "2017.07.08"]
[EventType "swiss"]
[EventRounds "9"]
[EventCountry "CAN"]
[SourceTitle "EXT 2022"]
[Source "ChessBase"]
[SourceDate "2021.10.06"]
[SourceVersion "1"]
[SourceVersionDate "2021.10.06"]
[SourceQuality "1"]

1. d4 Nf6 2. c4 e6 3. Nf3 Be7 4. Bf4 O-O 5. Nc3 b6 6. e3 Bb7 7. Bd3 d6 8. O-O c5 9. d5 exd5 10. cxd5 Nbd7 11. e4 Re8 12. Re1 Nf8 13. Bb5 N6d7 14. Qa4 a6 15. Bd3 b5 16. Qd1 Ng6 17. Bg3 Nf6 18. h3 c4 19. Bc2 Nh5 20. Bh2 Nhf4 21. Ne2 Bg5 22. Nxg5 Qxg5 23. Nxf4 Nxf4 24. Qf3 Ng6 25. Bxd6 Qd2 26. Re2 Qd4 27. Rb1 Nh4 28. Qe3 Qf6 29. Qf4 Nf5 30. Bc5 Rac8 31. Be3 Nxe3 32. Qxf6 gxf6 33. Rxe3 Bxd5 34. exd5 Red8 35. Rd1 b4 36. b3 cxb3 37. Bxb3 Ra8 38. Re7 a5 39. d6 Kf8 40. Rxf7+ Kg8 41. Rxf6+ Kg7 42. Rf3 a4 43. Bc4 b3 44. axb3 a3 45. Rfd3 Kf8 46. b4 Rdb8 47. d7 1-0

[Event "CAN-op U1400"]
[Site "Sault Ste Marie CAN"]
[Date "2017.07.12"]
[Round "3"]
[White "Gaur, Shivan"]
[Black "Joseph Benher, Savio"]
[Result "0-1"]
[WhiteElo "1281"]
[BlackElo "1344"]
[WhiteFideId "-1"]
[WhiteFideId "-1"]
[PlyCount "92"]
[GameId "2160767908343961"]
[EventDate "2017.07.08"]
[EventType "swiss"]
[EventRounds "9"]
[EventCountry "CAN"]
[SourceTitle "EXT 2022"]
[Source "ChessBase"]
[SourceDate "2021.10.06"]
[SourceVersion "1"]
[SourceVersionDate "2021.10.06"]
[SourceQuality "1"]

1. d4 Nf6 2. c4 e6 3. Nf3 d5 4. Nc3 Be7 5. cxd5 exd5 6. Bg5 Nbd7 7. e3 O-O 8. Bd3 c6 9. O-O Re8 10. Qc2 h6 11. Bh4 Nb6 12. Ne5 Nfd7 13. Bxe7 Qxe7 14. Nf3 Nf6 15. b3 Ne4 16. Ne5 Nxc3 17. Qxc3 Be6 18. b4 Nd7 19. Nxd7 Bxd7 20. Rae1 Qg5 21. f4 Qf6 22. Rf3 Bf5 23. Rg3 Bxd3 24. Qxd3 Re4 25. Qe2 Rae8 26. Qf2 Qxd4 27. exd4 Rxe1+ 28. Qxe1 Rxe1+ 29. Kf2 Re4 30. Ra3 a6 31. Kf3 Rxd4 32. Rb3 Kf8 33. a3 Re4 34. Re3 Rxe3+ 35. Kxe3 Ke7 36. Kd4 Kd6 37. a4 b6 38. g4 c5+ 39. bxc5+ bxc5+ 40. Kd3 g6 41. h4 a5 42. Ke3 f5 43. g5 h5 44. Kd3 d4 45. Kc4 Kc6 46. Kd3 Kd5 0-1

[Event "CAN-op U1400"]
[Site "Sault Ste Marie CAN"]
[Date "2017.07.12"]
[Round "3"]
[White "Mukherjee, Pranoy"]
[Black "Wang, Arthur D"]
[Result "1-0"]
[WhiteElo "1048"]
[BlackElo "634"]
[WhiteFideId "-1"]
[WhiteFideId "-1"]
[PlyCount "57"]
[GameId "2160767908343964"]
[EventDate "2017.07.08"]
[EventType "swiss"]
[EventRounds "9"]
[EventCountry "CAN"]
[SourceTitle "EXT 2022"]
[Source "ChessBase"]
[SourceDate "2021.10.06"]
[SourceVersion "1"]
[SourceVersionDate "2021.10.06"]
[SourceQuality "1"]

1. d4 d5 2. c4 dxc4 3. e3 Nc6 4. Bxc4 e5 5. Nf3 exd4 6. exd4 Nf6 7. Nc3 Bd6 8. Bg5 Bg4 9. O-O O-O 10. h3 Bf5 11. Qb3 Na5 12. Qb5 Nxc4 13. Qxc4 c6 14. Qe2 Re8 15. Qd2 h6 16. Bh4 c5 17. Rfe1 Rxe1+ 18. Rxe1 cxd4 19. Qxd4 a6 20. Kh1 Qc7 21. Bxf6 gxf6 22. Qxf6 Be6 23. Qxh6 Bf4 24. Qf6 Rd8 25. Nd4 Bd7 26. Nd5 Qb8 27. Nxf4 b6 28. Nh5 Qb7 29. Qg7# 1-0

[Event "CAN-op U1400"]
[Site "Sault Ste Marie CAN"]
[Date "2017.07.12"]
[Round "3"]
[White "Vo, Peter"]
[Black "Ai, Amy"]
[Result "1-0"]
[WhiteElo "1362"]
[BlackElo "1260"]
[WhiteFideId "-1"]
[WhiteFideId "-1"]
[PlyCount "155"]
[GameId "2160767908343966"]
[EventDate "2017.07.08"]
[EventType "swiss"]
[EventRounds "9"]
[EventCountry "CAN"]
[SourceTitle "EXT 2022"]
[Source "ChessBase"]
[SourceDate "2021.10.06"]
[SourceVersion "1"]
[SourceVersionDate "2021.10.06"]
[SourceQuality "1"]

1. e4 e5 2. Nf3 Nc6 3. Bb5 a6 4. Ba4 Nf6 5. O-O Bc5 6. d3 h6 7. h3 O-O 8. Bxc6 dxc6 9. Nxe5 Be6 10. Bf4 Re8 11. Nf3 Qd7 12. d4 Bb6 13. e5 Nd5 14. Bg3 Rad8 15. c3 Bf5 16. Nbd2 Ba7 17. Nb3 b5 18. Bh4 Rb8 19. Rc1 Nb6 20. Re1 Be6 21. Nc5 Qc8 22. Nxe6 Qxe6 23. Qb3 Qxb3 24. axb3 Nd5 25. Bg3 c5 26. c4 Nb4 27. Red1 cxd4 28. Nxd4 c5 29. e6 Rbd8 30. exf7+ Kxf7 31. Nf3 bxc4 32. bxc4 Kg8 33. Rxd8 Rxd8 34. Re1 Kf7 35. Ne5+ Kg8 36. Nf3 Kf7 37. Bh4 Re8 38. Rxe8 Kxe8 39. Kf1 Nd3 40. b3 Kf7 41. Nd2 Ke6 42. Ke2 Nb4 43. Kf3 Kf5 44. g4+ Ke5 45. Ke3 Nc2+ 46. Kd3 Nb4+ 47. Kc3 Na2+ 48. Kb2 Nb4 49. Bg3+ Ke6 50. Ne4 Nd3+ 51. Kc3 Ne5 52. f4 Nd7 53. Bf2 a5 54. Kb2 Ke7 55. Ka3 Kd8 56. Ka4 Bb6 57. Kb5 Kc7 58. Bxc5 Nxc5 59. Nxc5 Bxc5 60. Kxc5 g6 61. Kb5 h5 62. gxh5 gxh5 63. Kxa5 h4 64. f5 Kd6 65. Kb6 Ke5 66. c5 Kxf5 67. c6 Kf4 68. c7 Kg3 69. c8=Q Kf2 70. Qg4 Kf1 71. Qf3+ Kg1 72. Qe2 Kh1 73. Kc5 Kg1 74. Kd4 Kh1 75. Qa2 Kg1 76. Ke3 Kh1 77. Kf3 Kg1 78. Qg2# 1-0

[Event "CAN-op U1400"]
[Site "Sault Ste Marie CAN"]
[Date "2017.07.12"]
[Round "3"]
[White "Wang, Daniel Z"]
[Black "Paquin, Jeremy"]
[Result "0-1"]
[WhiteElo "980"]
[BlackElo "1184"]
[WhiteFideId "-1"]
[WhiteFideId "-1"]
[PlyCount "114"]
[GameId "2160767908343968"]
[EventDate "2017.07.08"]
[EventType "swiss"]
[EventRounds "9"]
[EventCountry "CAN"]

1. e4 e6 2. d4 d5 3. Nc3 Bb4 4. Bd3 Bxc3+ 5. bxc3 Nf6 6. exd5 Nxd5 7. Bd2 Nc6 8. Nf3 O-O 9. O-O b6 10. Re1 Bb7 11. Rb1 Qd6 12. Qc1 Nce7 13. c4 Nf6 14. Bb4 Qd7 15. Bxe7 Qxe7 16. Qd1 Qd7 17. c3 Rad8 18. c5 Nd5 19. Rc1 bxc5 20. dxc5 Qc6 21. Qb3 Nf6 22. Qb5 Qxb5 23. Bxb5 Bxf3 24. gxf3 Rd5 25. c4 Rxc5 26. Rb1 Rd8 27. Red1 Ra8 28. Rd2 g6 29. Rbd1 c6 30. Ba6 Rg5+ 31. Kf1 Nh5 32. Bb7 Rb8 33. Rd8+ Rxd8 34. Rxd8+ Kg7 35. Bxc6 Ra5 36. Rd2 a6 37. Rc2 Rc5 38. Bb7 a5 39. a4 Nf4 40. Ba6 Nd3 41. Rc3 Nf4 42. Rb3 e5 43. Re3 f5 44. Ke1 Ng2+ 45. Ke2 Nxe3 46. fxe3 Kf6 47. Kf2 g5 48. Kg3 e4 49. f4 Kg6 50. fxg5 Kxg5 51. h4+ Kh5 52. Kh3 Rc7 53. Bb5 Kg6 54. Kg3 Kf7 55. Kf4 Kf6 56. h5 Rg7 57. Be8 Rg4# 0-1

[Event "CAN-op U1400"]
[Site "Sault Ste Marie CAN"]
[Date "2017.07.12"]
[Round "3"]
[White "Wang, David"]
[Black "Lu, Lucas Yunkun"]
[Result "0-1"]
[WhiteElo "1263"]
[BlackElo "1299"]
[WhiteFideId "-1"]
[WhiteFideId "-1"]
[PlyCount "80"]
[GameId "2160767908343969"]
[EventDate "2017.07.08"]
[EventType "swiss"]
[EventRounds "9"]
[EventCountry "CAN"]
[SourceTitle "EXT 2022"]
[Source "ChessBase"]
[SourceDate "2021.10.06"]
[SourceVersion "1"]
[SourceVersionDate "2021.10.06"]
[SourceQuality "1"]

1. e4 c5 2. Nf3 d6 3. d4 cxd4 4. Nxd4 Nf6 5. Nc3 g6 6. Be3 Bg7 7. Be2 O-O 8. O-O Nc6 9. Nxc6 bxc6 10. h3 Be6 11. Qd2 c5 12. Bh6 Rb8 13. Bxg7 Kxg7 14. Rab1 Qa5 15. a3 d5 16. exd5 Nxd5 17. Ne4 Qxd2 18. Nxd2 Nf4 19. Bc4 Bf5 20. Rfc1 Be6 21. Ba6 Rb6 22. Bf1 Ba2 23. Ra1 Rxb2 24. g3 Ne6 25. Nf3 Bd5 26. Bg2 Bxf3 27. Bxf3 Nd4 28. Bd1 Rfb8 29. f4 e6 30. Kf2 Nb3 31. Rab1 Nxc1 32. Rxc1 Ra2 33. Kf3 Rxa3+ 34. Kg4 f5+ 35. Kh4 h6 36. g4 Kf6 37. g5+ hxg5+ 38. fxg5+ Kf7 39. c4 Rh8+ 40. Bh5 Rxh5# 0-1

[Event "CAN-op U1400"]
[Site "Sault Ste Marie CAN"]
[Date "2017.07.12"]
[Round "3.58"]
[White "Zhao, Eric"]
[Black "Wang, Daniel1"]
[Result "1/2-1/2"]
[WhiteElo "928"]
[BlackElo "1285"]
[WhiteFideId "-1"]
[WhiteFideId "-1"]
[PlyCount "59"]
[GameId "2160767908343970"]
[EventDate "2017.07.08"]
[EventType "swiss"]
[EventRounds "9"]
[EventCountry "CAN"]
[SourceTitle "EXT 2022"]
[Source "ChessBase"]
[SourceDate "2021.10.06"]
[SourceVersion "1"]
[SourceVersionDate "2021.10.06"]
[SourceQuality "1"]

1. d4 Nf6 2. c4 c5 3. e3 e6 4. Nc3 cxd4 5. exd4 Bb4 6. a3 Ba5 7. Bg5 h6 8. Bh4 O-O 9. Bd3 Nc6 10. Nf3 d5 11. cxd5 exd5 12. O-O Bg4 13. Be2 Qd6 14. h3 Bh5 15. Nb5 Qe6 16. g4 Bg6 17. b4 a6 18. bxa5 axb5 19. Bxb5 Rxa5 20. Re1 Qd6 21. Qb3 Be4 22. Bg3 Qd8 23. Bxc6 bxc6 24. Ne5 Rb5 25. Qc3 Qa5 26. Qxa5 Rxa5 27. Nxc6 Ra4 28. Red1 Rfa8 29. Bd6 Kh8 30. Ne5 1/2-1/2

[Event "CAN-op U1400"]
[Site "Sault Ste Marie CAN"]
[Date "2017.07.12"]
[Round "3.59"]
[White "Yuan, Henry"]
[Black "Yang, Henry"]
[Result "0-1"]
[WhiteElo "961"]
[BlackElo "1318"]
[WhiteFideId "-1"]
[WhiteFideId "-1"]
[PlyCount "137"]
[GameId "2160767908343971"]
[EventDate "2017.07.08"]
[EventType "swiss"]
[EventRounds "9"]
[EventCountry "CAN"]
[SourceTitle "hb 2017"]

1. e4 e5 2. Nf3 Nc6 3. Bc4 Bc5 4. O-O Nf6 5. c3 O-O 6. d4 exd4 7. cxd4 Bb6 8. e5 Ne4 9. Bd5 Nxd4 10. Nxd4 Nxf2 11. Rxf2 Qh4 12. Be3 d6 13. Rxf7 Rxf7 14. Qf1 Qe7 15. Nf5 Bxe3+ 16. Nxe3 Be6 17. Bf3 dxe5 18. Qb5 c6 19. Qxe5 Re8 20. Nc3 Bd7 21. Qxe7 Rfxe7 22. Nc4 Re1+ 23. Rxe1 Rxe1+ 24. Kf2 Re7 25. Na5 Be6 26. b3 Kf7 27. Na4 Bd5 28. Bxd5+ cxd5 29. b4 Kf6 30. Nc3 Ke5 31. a4 Rd7 32. Nb3 b6 33. Nd2 d4 34. Nf3+ Kf6 35. Ne4+ Ke7 36. Ne5 Rc7 37. b5 Ke6 38. Nc6 Kd5 39. Kf3 Rf7+ 40. Ke2 Kxe4 41. Ke1 Kd5 42. Ke2 Rc7 43. Kd3 a5 44. Nxd4 Rc4 45. Nc6 Rxc6 46. bxc6 Kxc6 47. Kc4 b5+ 48. axb5+ Kb6 49. Kb3 Kxb5 50. g4 g5 51. h3 h6 52. Ka3 a4 53. Kb2 Kb4 54. Ka2 a3 55. Ka1 Kc4 56. Ka2 Kd4 57. Kxa3 Ke3 58. Kb4 Kf3 59. Kc5 Kg3 60. h4 gxh4 61. Kd5 h3 62. Ke5 h2 63. Ke4 h1=Q+ 64. Kf5 Qd5+ 65. Kg6 Qe5 66. Kxh6 Kxg4 67. Kh7 Qf6 68. Kg8 Kf5 69. Kh7 0-1

[Event "CAN-op U1400"]
[Site "Sault Ste Marie CAN"]
[Date "2017.07.12"]
[Round "3.61"]
[White "Chakkoli, Anirud"]
[Black "Jiang, Kate"]
[Result "0-1"]
[WhiteElo "1174"]
[BlackElo "875"]
[WhiteFideId "-1"]
[WhiteFideId "-1"]
[PlyCount "134"]
[GameId "2160767908343972"]
[EventDate "2017.07.08"]
[EventType "swiss"]
[EventRounds "9"]
[EventCountry "CAN"]
[SourceTitle "EXT 2022"]
[Source "ChessBase"]
[SourceDate "2021.10.06"]
[SourceVersion "1"]
[SourceVersionDate "2021.10.06"]
[SourceQuality "1"]

1. e4 e5 2. Nf3 Nc6 3. Bc4 Nf6 4. d4 exd4 5. Nxd4 Nxe4 6. O-O Be7 7. Nf5 O-O 8. Qg4 Ng5 9. f4 d5 10. Rd1 Bxf5 11. Qxf5 Ne6 12. Bd3 g6 13. Qg4 Ng7 14. b3 Bf6 15. c3 Re8 16. Bb2 Nb4 17. Na3 Nxd3 18. Rxd3 c6 19. Rf1 Qc8 20. f5 Re4 21. Qd1 Nxf5 22. Qd2 Bg7 23. Rdf3 Nd6 24. Qg5 Qg4 25. Qxg4 Rxg4 26. h3 Rg5 27. Nc2 Re8 28. Ba3 Nf5 29. Bc1 Rg3 30. Rxg3 Nxg3 31. Rf3 Nf5 32. a4 Re2 33. Rf2 Rxf2 34. Kxf2 Bxc3 35. Ke2 c5 36. Kd3 d4 37. Na3 a6 38. Nb1 Bb4 39. Nd2 Kg7 40. Nc4 Kf6 41. Nb6 Ke6 42. Nc4 Nd6 43. Nb2 Kf5 44. Nd1 h5 45. Nf2 g5 46. g4+ hxg4 47. Nxg4 b5 48. Nh2 bxa4 49. bxa4 Bc3 50. Kc2 c4 51. Nf3 Ne4 52. Kd1 Nf2+ 53. Ke2 Nxh3 54. Kf1 d3 55. a5 g4 56. Nh4+ Ke4 57. Kg2 d2 58. Bxd2 Bxd2 59. Kh1 c3 60. Kg2 c2 61. Kg3 c1=Q 62. Kxg4 Nf2+ 63. Kg3 Bf4+ 64. Kxf2 Qd2+ 65. Kf1 Bg3 66. Kg1 Qf2+ 67. Kh1 Qh2# 0-1

[Event "CAN-op U1400"]
[Site "Sault Ste Marie CAN"]
[Date "2017.07.12"]
[Round "4"]
[White "Cameron, Brian"]
[Black "Chakkoli, Anirud"]
[Result "1-0"]
[WhiteElo "900"]
[BlackElo "1174"]
[WhiteFideId "-1"]
[WhiteFideId "-1"]
[PlyCount "69"]
[GameId "2160767908343975"]
[EventDate "2017.07.08"]
[EventType "swiss"]
[EventRounds "9"]
[EventCountry "CAN"]
[SourceTitle "EXT 2022"]
[Source "ChessBase"]
[SourceDate "2021.10.06"]
[SourceVersion "1"]
[SourceVersionDate "2021.10.06"]
[SourceQuality "1"]

1. e4 c5 2. e5 e6 3. Nf3 d6 4. Bc4 Nc6 5. b3 a6 6. Bb2 Nge7 7. O-O Ng6 8. Re1 b5 9. Bd3 Bb7 10. Bxg6 hxg6 11. c4 Nb4 12. d3 Bxf3 13. Qxf3 Nc2 14. Nc3 b4 15. Qc6+ Ke7 16. exd6+ Qxd6 17. Nd5+ Kd8 18. Qxa8+ Kd7 19. Qb7+ Kd8 20. Be5 Qd7 21. Qb8+ Qc8 22. Bc7+ Kd7 23. Nb6+ Ke7 24. Qxc8 Kf6 25. Nd7+ Kg5 26. Re5+ Kh6 27. Rc1 Nd4 28. Re3 Kg5 29. Rg3+ Kf5 30. Re1 Bd6 31. Qxh8 Bxg3 32. fxg3 a5 33. Qh3+ Kg5 34. Re5+ f5 35. Qh4# 1-0

[Event "CAN-op U1400"]
[Site "Sault Ste Marie CAN"]
[Date "2017.07.12"]
[Round "4"]
[White "Chen, Alina Yuexi"]
[Black "Bai, Kingsley"]
[Result "0-1"]
[WhiteElo "670"]
[BlackElo "652"]
[WhiteFideId "-1"]
[WhiteFideId "-1"]
[PlyCount "98"]
[GameId "2160767908343976"]
[EventDate "2017.07.08"]
[EventType "swiss"]
[EventRounds "9"]
[EventCountry "CAN"]
[SourceTitle "EXT 2022"]
[Source "ChessBase"]
[SourceDate "2021.10.06"]
[SourceVersion "1"]
[SourceVersionDate "2021.10.06"]
[SourceQuality "1"]

1. e4 e6 2. d4 d5 3. exd5 exd5 4. Nc3 Nf6 5. Bg5 Bd6 6. Nxd5 O-O 7. Nxf6+ gxf6 8. Bh6 Re8+ 9. Be2 Be7 10. Qd2 b5 11. Bf3 Bb4+ 12. Ne2 Bxd2+ 13. Kxd2 Rxe2+ 14. Kxe2 Qe7+ 15. Kd2 Qb4+ 16. Kc1 Bf5 17. Bxa8 Qc4 18. Kd1 Qxc2+ 19. Ke1 Bd3 20. Bf3 Nc6 21. Rd1 Nxd4 22. Bg4 f5 23. Rd2 Qc1+ 24. Bd1 Qc6 25. Rxd3 Qe4+ 26. Re3 Qc6 27. Bf3 Qxh6 28. Rd3 Qc1+ 29. Bd1 Nc2+ 30. Kf1 Nb4 31. Rd8+ Kg7 32. g3 Qc4+ 33. Kg2 Qe4+ 34. Bf3 Qc2 35. Re1 Kf6 36. Rde8 Nd3 37. Rd1 Qxf2+ 38. Kh3 Qxf3 39. Rd2 h5 40. Rg8 Nf4+ 41. Kh4 Ng6+ 42. Kh3 Qf1+ 43. Rg2 Qc4 44. Rf2 Qg4+ 45. Kg2 Nh4+ 46. Kg1 Qxg8 47. Kh1 Qa8+ 48. Kg1 Qe4 49. Rf1 Qg2# 0-1

[Event "CAN-op U1400"]
[Site "Sault Ste Marie CAN"]
[Date "2017.07.12"]
[Round "4"]
[White "Chen, Andrew2"]
[Black "Mukherjee, Pranoy"]
[Result "1/2-1/2"]
[WhiteElo "1009"]
[BlackElo "1048"]
[WhiteFideId "-1"]
[WhiteFideId "-1"]
[PlyCount "69"]
[GameId "2160767908343977"]
[EventDate "2017.07.08"]
[EventType "swiss"]
[EventRounds "9"]
[EventCountry "CAN"]
[SourceTitle "EXT 2022"]
[Source "ChessBase"]
[SourceDate "2021.10.06"]
[SourceVersion "1"]
[SourceVersionDate "2021.10.06"]
[SourceQuality "1"]

1. e4 e6 2. d4 d5 3. Nc3 Bb4 4. e5 f6 5. a3 Bxc3+ 6. bxc3 Nd7 7. Nf3 b6 8. c4 Bb7 9. Bf4 Ne7 10. Be2 O-O 11. O-O fxe5 12. Bxe5 Nxe5 13. Nxe5 Nc6 14. Nf3 Qd6 15. Qd3 Rf6 16. Rab1 Raf8 17. h3 Ba6 18. Qc3 Bb7 19. Ne5 Qe7 20. Nf3 Nd8 21. Qb4 Qxb4 22. axb4 dxc4 23. Ne5 Rf4 24. Rfd1 Nc6 25. Nxc6 Bxc6 26. Bxc4 R8f6 27. c3 Rg6 28. g3 Rf3 29. Be2 Rxc3 30. Rbc1 Rxc1 31. Rxc1 Be4 32. Rxc7 Rh6 33. h4 a5 34. bxa5 bxa5 35. Ra7 1/2-1/2

[Event "CAN-op U1400"]
[Site "Sault Ste Marie CAN"]
[Date "2017.07.12"]
[Round "4"]
[White "Jiang, Kate"]
[Black "Wang, David"]
[Result "1-0"]
[WhiteElo "875"]
[BlackElo "1263"]
[WhiteFideId "-1"]
[WhiteFideId "-1"]
[PlyCount "85"]
[GameId "2160767908343980"]
[EventDate "2017.07.08"]
[EventType "swiss"]
[EventRounds "9"]
[EventCountry "CAN"]
[SourceTitle "EXT 2022"]
[Source "ChessBase"]
[SourceDate "2021.10.06"]
[SourceVersion "1"]
[SourceVersionDate "2021.10.06"]
[SourceQuality "1"]

1. e4 e5 2. Nf3 Nc6 3. Bb5 a6 4. Ba4 Nf6 5. O-O Bc5 6. Bxc6 bxc6 7. Nxe5 O-O 8. d3 h6 9. Nc3 Re8 10. Nf3 d6 11. h3 Be6 12. Re1 Qd7 13. Bf4 Nh5 14. Bh2 Nf6 15. d4 Bb6 16. Qd2 d5 17. e5 Nh7 18. Rad1 Rab8 19. a3 Ba7 20. b4 Bf5 21. Na4 Be4 22. Qe2 Bb6 23. Nc5 Bxc5 24. dxc5 g5 25. c4 Qf5 26. cxd5 cxd5 27. Nd2 Bd3 28. Qf3 Qxf3 29. Nxf3 Be4 30. Nd4 Rbc8 31. f3 Bg6 32. Nc6 Re6 33. Na5 Rd8 34. Rd2 c6 35. Nb7 Rd7 36. Nd6 Rde7 37. a4 Rc7 38. Rc1 Kf8 39. b5 axb5 40. axb5 cxb5 41. Nxb5 Rcc6 42. Rxd5 Ke7 43. Nd4 1-0

[Event "CAN-op U1400"]
[Site "Sault Ste Marie CAN"]
[Date "2017.07.12"]
[Round "4"]
[White "Joseph Benher, Savio"]
[Black "Lu, Lucas Yunkun"]
[Result "1/2-1/2"]
[WhiteElo "1344"]
[BlackElo "1299"]
[WhiteFideId "-1"]
[WhiteFideId "-1"]
[PlyCount "91"]
[GameId "2160767908343981"]
[EventDate "2017.07.08"]
[EventType "swiss"]
[EventRounds "9"]
[EventCountry "CAN"]
[SourceTitle "EXT 2022"]
[Source "ChessBase"]
[SourceDate "2021.10.06"]
[SourceVersion "1"]
[SourceVersionDate "2021.10.06"]
[SourceQuality "1"]

1. e4 c5 2. Nf3 d6 3. d4 cxd4 4. Qxd4 Nc6 5. Bb5 Bd7 6. Bxc6 Bxc6 7. Nc3 Nf6 8. Bg5 g6 9. Bxf6 exf6 10. O-O-O Bg7 11. Qxd6 Qxd6 12. Rxd6 O-O 13. Rhd1 a5 14. Nd5 Bxd5 15. R1xd5 a4 16. a3 Rfe8 17. Nd2 Bh6 18. Kb1 Bg7 19. f3 Rab8 20. Rb5 Bh6 21. Nc4 Bf4 22. Rd7 Bxh2 23. Rbxb7 Rxb7 24. Rxb7 Rd8 25. Nb6 Rd1+ 26. Ka2 Rd2 27. c4 Rc2 28. Kb1 Rxg2 29. c5 Rf2 30. Nd5 Rxf3 31. c6 h5 32. c7 Bxc7 33. Rxc7 h4 34. Rc1 h3 35. Rh1 g5 36. Nc3 g4 37. Ne2 Rf2 38. Ng3 Rg2 39. Nf5 h2 40. Ka2 Kf8 41. Ne3 Rg3 42. Nxg4 Rxg4 43. Rxh2 Rxe4 44. Rf2 Ke7 45. b4 axb3+ 46. Kxb3 1/2-1/2

[Event "CAN-op U1400"]
[Site "Sault Ste Marie CAN"]
[Date "2017.07.12"]
[Round "4"]
[White "Li, Gabriel"]
[Black "Mainville, Yanic"]
[Result "0-1"]
[WhiteElo "813"]
[BlackElo "1148"]
[WhiteFideId "-1"]
[WhiteFideId "-1"]
[PlyCount "46"]
[GameId "2160767908343982"]
[EventDate "2017.07.08"]
[EventType "swiss"]
[EventRounds "9"]
[EventCountry "CAN"]
[SourceTitle "EXT 2022"]
[Source "ChessBase"]
[SourceDate "2021.10.06"]
[SourceVersion "1"]
[SourceVersionDate "2021.10.06"]
[SourceQuality "1"]

1. e4 e5 2. Nf3 Nc6 3. d4 exd4 4. Bc4 Nf6 5. O-O Bc5 6. e5 Ng4 7. Ng5 Ngxe5 8. Re1 O-O 9. Qh5 h6 10. Bxf7+ Nxf7 11. Nxf7 Rxf7 12. Qxc5 d6 13. Qh5 Ne5 14. Re4 Qf6 15. f3 Bd7 16. c3 Re8 17. cxd4 Nxf3+ 18. gxf3 Rxe4 19. Nc3 Rh4 20. Qa5 Rg4+ 21. Kf1 Qxf3+ 22. Ke1 Qf2+ 23. Kd1 Rg1# 0-1

[Event "CAN-op U1400"]
[Site "Sault Ste Marie CAN"]
[Date "2017.07.12"]
[Round "4"]
[White "Locham, Divjot"]
[Black "Vo, Peter"]
[Result "1-0"]
[WhiteElo "1119"]
[BlackElo "362"]
[WhiteFideId "-1"]
[WhiteFideId "-1"]
[PlyCount "115"]
[GameId "2160767908343983"]
[EventDate "2017.07.08"]
[EventType "swiss"]
[EventRounds "9"]
[EventCountry "CAN"]
[SourceTitle "EXT 2022"]
[Source "ChessBase"]
[SourceDate "2021.10.06"]
[SourceVersion "1"]
[SourceVersionDate "2021.10.06"]
[SourceQuality "1"]

1. e4 c5 2. d4 cxd4 3. c3 dxc3 4. Nxc3 Nc6 5. Nf3 d6 6. Bc4 Bg4 7. Bxf7+ Kxf7 8. Ng5+ Ke8 9. Qxg4 Qd7 10. Qxd7+ Kxd7 11. Nf7 Nf6 12. Nxh8 Ne5 13. Bf4 Nd3+ 14. Kd2 Nxf4 15. Nf7 h6 16. Nh8 g5 17. g3 N4h5 18. Rhe1 e5 19. Ng6 Bg7 20. h3 Nh7 21. g4 N5f6 22. f3 Ke8 23. h4 Kf7 24. h5 Rc8 25. Nb5 Rc6 26. Nxa7 Rc4 27. Nb5 Ke6 28. Rac1 Rb4 29. Rc7 Bf8 30. Rxb7 Rxb2+ 31. Kc3 Rxa2 32. Nc7+ Kd7 33. Nxf8+ Nxf8 34. Nd5+ Kc8 35. Rc7+ Kd8 36. Rb7 Nxd5+ 37. exd5 Rf2 38. Ra1 Rxf3+ 39. Kd2 Nd7 40. Ra8+ Ke7 41. Raa7 Kf8 42. Rxd7 Kg8 43. Ra8+ Rf8 44. Rxf8+ Kxf8 45. Rxd6 e4 46. Rxh6 e3+ 47. Ke2 Ke7 48. d6+ Kd7 49. Rg6 Kc6 50. h6 Kd5 51. h7 Ke4 52. h8=R Kf4 53. d7 Kxg4 54. d8=Q Kf4 55. Rf8+ Kg4 56. Qxg5+ Kh3 57. Qf5+ Kh2 58. Rh8# 1-0

[Event "CAN-op U1400"]
[Site "Sault Ste Marie CAN"]
[Date "2017.07.12"]
[Round "4"]
[White "Paquin, Jeremy"]
[Black "Chen, Derek1"]
[Result "1-0"]
[WhiteElo "1184"]
[BlackElo "1336"]
[WhiteFideId "-1"]
[WhiteFideId "-1"]
[PlyCount "91"]
[GameId "2160767908343984"]
[EventDate "2017.07.08"]
[EventType "swiss"]
[EventRounds "9"]
[EventCountry "CAN"]
[SourceTitle "EXT 2022"]
[Source "ChessBase"]
[SourceDate "2021.10.06"]
[SourceVersion "1"]
[SourceVersionDate "2021.10.06"]
[SourceQuality "1"]

1. e4 c5 2. Nc3 e6 3. Bc4 Nc6 4. f4 a6 5. a3 b5 6. Ba2 d6 7. Nf3 Be7 8. O-O Nf6 9. d3 O-O 10. Qe1 Bb7 11. Qg3 Kh8 12. f5 Qd7 13. Ng5 h6 14. fxe6 fxe6 15. Bxe6 Qe8 16. Nf3 Nd8 17. Bf5 Nf7 18. Nh4 Ne5 19. Ne2 Nh5 20. Qh3 Bxh4 21. Qxh4 Nf6 22. Nf4 Bc8 23. b4 Bxf5 24. exf5 Kg8 25. Ne6 Rf7 26. Nxg7 Kxg7 27. Bxh6+ Kg8 28. Qg5+ Kh7 29. Rf4 Qg8 30. Qh4 Qd8 31. Re1 Rc8 32. bxc5 Qc7 33. Bg5+ Kg7 34. Qh6+ Kg8 35. Bxf6 Rh7 36. Qg5+ Kf8 37. cxd6 Qa7+ 38. Kh1 Nf7 39. Be7+ Ke8 40. Qg8+ Kd7 41. Qxh7 Ke8 42. Qg8+ Kd7 43. Qxf7 Kc6 44. Qe6 Qd7 45. Qxd7+ Kxd7 46. f6 1-0

[Event "CAN-op U1400"]
[Site "Sault Ste Marie CAN"]
[Date "2017.07.12"]
[Round "4"]
[White "Qiu, James"]
[Black "Zhao, Eric"]
[Result "1/2-1/2"]
[WhiteElo "1152"]
[BlackElo "928"]
[WhiteFideId "-1"]
[WhiteFideId "-1"]
[PlyCount "107"]
[GameId "2160767908343985"]
[EventDate "2017.07.08"]
[EventType "swiss"]
[EventRounds "9"]
[EventCountry "CAN"]
[SourceTitle "EXT 2022"]
[Source "ChessBase"]
[SourceDate "2021.10.06"]
[SourceVersion "1"]
[SourceVersionDate "2021.10.06"]
[SourceQuality "1"]

1. e4 c5 2. Nf3 Nc6 3. d4 cxd4 4. Nxd4 Nf6 5. Nc3 a6 6. Bg5 d6 7. Bc4 e6 8. O-O Be7 9. Be3 e5 10. Nf3 b5 11. Bd5 Bb7 12. Ng5 O-O 13. Qf3 Nxd5 14. exd5 Nd4 15. Qg4 Nxc2 16. Nxh7 Nxe3 17. fxe3 Kxh7 18. Qh5+ Kg8 19. Rf3 Bg5 20. Rg3 f6 21. h4 Bh6 22. Qxh6 Rf7 23. Rf1 Kf8 24. Qg6 Qe7 25. Qh7 Ke8 26. Qh5 Kd7 27. Qf5+ Kc7 28. Rc1 Kb6 29. Qf2 Ka7 30. e4+ Kb8 31. Qb6 Qc7 32. Qe3 Qc5 33. Kh1 Qxe3 34. Rxe3 Ka7 35. Rh3 Rc8 36. h5 b4 37. Ne2 a5 38. g4 Rxc1+ 39. Nxc1 Rc7 40. Nd3 Ba6 41. Ne1 Rc1 42. Re3 Bc8 43. Kh2 Bxg4 44. Rg3 Bxh5 45. Rxg7+ Kb6 46. Nd3 Rd1 47. Rg3 Ra1 48. Rh3 Bg4 49. Rh6 Kc7 50. Rxf6 Rxa2 51. Rf7+ Bd7 52. Kg3 Ra1 53. Kf2 Rh1 54. Ke2 1/2-1/2